| 000 | 00794nam a22002297a 4500 | ||
|---|---|---|---|
| 003 | OSt | ||
| 005 | 20250825141538.0 | ||
| 008 | 250822b |||||||| |||| 00| 0 eng d | ||
| 037 | _cThesis | ||
| 040 |
_aFEDL _beng _cFEDL |
||
| 041 |
_aeng _heng |
||
| 082 | _a371.1 SAH/TH | ||
| 100 |
_aSah, Swarn Lata _9818506 |
||
| 110 |
_aUniversity of Delhi. Department of Education _9818316 |
||
| 245 |
_aExploring pre- service teachers' conceptualization of literacy in the classroom context/ _cby Swarn Lata Sah; Shobha Sinha. Supervisor |
||
| 260 |
_bUniversity of Delhi _c2025 |
||
| 300 | _av, 200p. | ||
| 650 |
_aTEACHING- TEACHING PERSONNEL _9818507 |
||
| 700 |
_aSinha, Shobha. Supervisor _9818508 |
||
| 942 |
_2ddc _cTH _n0 _h371.1 SAH/TH |
||
| 999 |
_c1434835 _d1434835 |
||